[Event "AUT-ch U10"]
[Site "St Kanzian"]
[Date "2019.06.22"]
[Round "6"]
[White "Depaoli Hauser, Noel Elijah"]
[Black "Siedler, Gabriel"]
[Result "0-1"]
[WhiteElo "1179"]
[BlackElo "977"]
[PlyCount "94"]
[EventDate "2019.06.21"]
[EventType "swiss"]
[EventRounds "7"]
[EventCountry "AUT"]
[SourceTitle "CBM 191 Extra"]
[Source "ChessBase"]
[SourceDate "2019.09.30"]
[SourceVersion "1"]
[SourceVersionDate "2019.09.30"]
[SourceQuality "1"]

1. e4 e5 2. Nf3 Nc6 3. d4 exd4 4. Nxd4 Nf6 5. Nc3 Bb4 6. Nxc6 bxc6 7. Bd3 h6 8. Be3 0-0 9. Qd2 d5 10. a3 Bxc3 11. bxc3 dxe4 12. Bc4 Qxd2+ 13. Bxd2 Be6 14. Bb3 Rab8 15. Rb1 a5 16. 0-0 Rfd8 17. Bf4 Rb7 18. Ba4 Rxb1 19. Rxb1 Nd5 20. Bd2 Nb6 21. Bf4 Nxa4 22. Bxc7 Nxc3 23. Re1 Ne2+ 24. Kf1 Rd7 25. Bxa5 Rd5 26. Bb4 c5 27. Ba5 c4 28. Bb4 Nf4 29. Rxe4 Ng6 30. Rxc4 Rd1+ 31. Ke2 Rd7 32. Rc8+ Kh7 33. Rc6 Nf4+ 34. Kf1 Rd1+ 35. Be1 Nxg2 36. Rc5 Bh3 37. Re5 Nxe1+ 38. Ke2 Bg4+ 39. Ke3 Nxc2+ 40. Kf4 Rd4+ 41. Kg3 Nxa3 42. f3 f6 43. Ra5 Nc4 44. Ra4 Bxf3 45. h4 Rg4+ 46. Kh3 Ne5 47. Rxg4 Bxg4+ 0-1